000 00283nam a2200109Ia 4500
008 231129s9999||||xx |||||||||||||| ||spa||
040 _bspa
082 _a759.6 V434V
245 0 _aLa obra pictórica completa de Velázquez
264 _aBarcelona España : Noguer
942 _2ddc
_cBKS
999 _c17802
_d17802